[Event "Australian Open"]
[Site "Canberra AUS"]
[Date "2001.01.04"]
[Round "7"]
[White "Reilly,T"]
[Black "Lane,G"]
[Result "0-1"]
[WhiteElo "2215"]
[BlackElo "2452"]

1.d4 f5 2.c4 Nf6 3.g3 g6 4.Bg2 Bg7 5.Nf3 O-O 6.O-O d6 7.Nc3 c6 8.d5 e5 9.dxe6 Bxe6
10.b3 Qe7 11.Ba3 Rd8 12.Ng5 Na6 13.Qc2 Nc5 14.Rad1 Bd7 15.Qd2 Be8 16.b4 Ne6
17.Qe3 Bd7 18.Nxe6 Qxe6 19.Qxe6+ Bxe6 20.b5 Ne8 21.Rc1 Rac8 22.bxc6 bxc6
23.Na4 Nf6 24.Rfd1 Bf8 25.Bb2 Be7 26.Bd4 Rd7 27.Rd3 Kf7 28.Ra3 Ne4 29.Re3 c5
30.Ba1 d5 31.cxd5 Bxd5 32.Rd1 Rcd8 33.f3 Nf6 34.Nc3 Bxa2 35.Rxd7 Rxd7 36.Rd3 Bb3
37.Rxd7 Nxd7 38.e4 Bf6 39.exf5 gxf5 40.Bh3 Kg6 41.Kf2 Nb6 42.Ke3 a5 43.Kd3 a4
44.f4 a3 45.Bg2 Na4 46.Nxa4 c4+  0-1

[Event "ch-POL Boys U16"]
[Site "Zakopane POL"]
[Date "2001.01.16"]
[Round "1"]
[White "Marszalek,M"]
[Black "Szromba,K"]
[Result "1/2-1/2"]
[WhiteElo "2166"]
[BlackElo "2031"]

1.d4 f5 2.g3 Nf6 3.Bg2 g6 4.Nf3 Bg7 5.c4 O-O 6.O-O d6 7.Nc3 Nc6 8.d5 Ne5
9.Nxe5 dxe5 10.c5 Kh8 11.Qb3 h6 12.f4 e4 13.Rd1 b6 14.Qc4 e6 15.d6 cxd6 16.cxd6 Qd7
17.h3 Bb7 18.Be3 Nd5 19.Bd4 Qxd6 20.e3 Qe7 21.Bf1 Rac8 22.Qa4 Bc6 23.Bb5 Nxc3
24.bxc3 Bxb5 25.Qxb5 Rfd8 26.Rac1 Rd5 27.Bxg7+ Qxg7 28.Rxd5 exd5 29.Qxd5 Rxc3
30.Qa8+ Kh7 31.Rxc3 Qxc3 32.Qxa7+ Kh8 33.Qb8+ Kh7 34.Qb7+ Kh8  1/2-1/2

[Event "Open"]
[Site "Ubeda ESP"]
[Date "2001.01.28"]
[Round "8"]
[White "Turov,M"]
[Black "Najer,E"]
[Result "0-1"]
[WhiteElo "2546"]
[BlackElo "2616"]

1.d4 f5 2.g3 Nf6 3.Bg2 g6 4.Nf3 Bg7 5.O-O O-O 6.c4 d6 7.Nc3 Nc6 8.d5 Ne5
9.Nxe5 dxe5 10.c5 h6 11.Qb3 Kh8 12.Qc4 e6 13.e4 exd5 14.exd5 g5 15.Bd2 Bd7
16.Rfe1 c6 17.d6 Qe8 18.f3 b5 19.Qd3 Qe6 20.Re2 b4 21.Nd1 Rab8 22.Ne3 Rb5
23.Qc2 f4 24.Nf1 Qd5 25.Rc1 e4 26.gxf4 exf3 27.Re5 fxg2 28.Rxd5 gxf1=Q+ 29.Rxf1 Nxd5
30.fxg5 Rbb8 31.Qd3 Bxb2 32.Qg6 Rxf1+ 33.Kxf1 Rf8+ 34.Ke1 hxg5 35.Qxg5 a5
36.h4 Bg7 37.h5 a4 38.Bc1 a3 39.h6 Bc3+ 40.Bd2 Bf6 41.Qg3 Nc3 42.Bg5 Re8+
43.Kf1 Bxg5  0-1

[Event "1st Mario Covas"]
[Site "Santos BRA"]
[Date "2001.02.01"]
[Round "4"]
[White "Lima,Da"]
[Black "Rodriguez,And URU"]
[Result "1/2-1/2"]
[WhiteElo "2544"]
[BlackElo "2493"]

1.d4 f5 2.Nf3 Nf6 3.c4 g6 4.g3 Bg7 5.Bg2 O-O 6.O-O d6 7.Nc3 Nc6 8.b3 e5 9.dxe5 Ng4
10.Bg5 Qd7 11.Rc1 h6 12.Bf6 Nxf6 13.exf6 Rxf6 14.Nd5 Rf7 15.b4 Kh7 16.b5 Nd8
17.Nd4 c6 18.Nc3 a6 19.bxc6 bxc6 20.Qd2 Rb8 21.e3 a5 22.Rfd1 Rb4 23.Bf1 Rf6
24.a3 Rb8 25.Bg2 Ba6 26.Qa2 Rc8 27.e4 f4 28.c5 Nf7 29.Na4 Qe8 30.Nf3 Ne5
31.Nxe5 dxe5 32.Nb6 Rd8 33.Bf1 Bxf1 34.Kxf1 h5 35.Kg2 f3+ 36.Kg1 Bf8 37.Qc4 Bh6
38.Rb1 Rf8 39.Rxd8 Qxd8 40.Qc2 Bg7 41.Rd1 Qg5 42.Nc4 h4 43.Ne3 hxg3 44.hxg3 Rd8
45.Rxd8 Qxd8 46.Ng4 Qd4 47.a4 Qa1+ 48.Kh2 Qf1 49.Ne3 Qe2 50.Kg1 Bh6 51.Qd1 Qxd1+
52.Nxd1 Bc1 53.Ne3 Bxe3  1/2-1/2

[Event "Belgian Interteams 2000-1"]
[Site "BEL"]
[Date "2001.02.04"]
[Round "8"]
[White "Vanderstricht,G"]
[Black "Van Beers,E"]
[Result "1/2-1/2"]
[WhiteElo "2427"]
[BlackElo "2328"]

1.d4 f5 2.g3 Nf6 3.Bg2 g6 4.Nf3 Bg7 5.O-O O-O 6.c4 d6 7.Nc3 Qe8 8.d5 Na6
9.Rb1 Nc5 10.Be3 e5 11.dxe6 Nxe6 12.Ng5 Nxg5 13.Bxg5 Rf7 14.Qd2 Rb8 15.Rfe1 Ne4
16.Qe3 Bxc3 17.bxc3 Bd7 18.Bh6 b6 19.f3 Nc5 20.Qd4 Bc6 21.e4 fxe4 22.fxe4  1/2-1/2

[Event "Belgian Interteams 2000-1"]
[Site "BEL"]
[Date "2001.02.04"]
[Round "8"]
[White "Goormachtigh,J"]
[Black "Claesen,J"]
[Result "1-0"]
[WhiteElo "2278"]
[BlackElo "2273"]

1.d4 f5 2.g3 Nf6 3.Bg2 g6 4.Nf3 Bg7 5.O-O O-O 6.c4 d6 7.Nc3 Qe8 8.b3 Nc6
9.Ba3 Ne4 10.Rc1 e5 11.dxe5 Nxc3 12.Rxc3 Nxe5 13.Nxe5 Qxe5 14.Re3 Qf6 15.Qd5+ Kh8
16.c5 f4 17.gxf4 c6 18.Qxd6 Qxf4 19.Qxf4 Rxf4 20.Rd1 Bg4 21.h3 Bf5 22.Re7 Rf8
23.Rxb7 Rh4 24.Rxa7 Bxh3 25.Bxh3 Rxh3 26.Rdd7 Be5 27.Bc1 g5 28.Bxg5 Rg8 29.Rd8 Bd4
30.Rxg8+ Kxg8 31.Be7 Rc3 32.b4 h5 33.Bd6 Rc2 34.e3 Bc3 35.b5 cxb5 36.c6 Be1
37.c7 Bxf2+ 38.Kf1 Bxe3 39.Ra8+  1-0

[Event "TCh-SVK"]
[Site "SVK"]
[Date "2001.02.10"]
[Round "8"]
[White "Kolesar,Mil"]
[Black "Malar,P"]
[Result "1-0"]
[WhiteElo "2158"]
[BlackElo "2150"]

1.Nf3 f5 2.g3 Nf6 3.Bg2 g6 4.O-O Bg7 5.d4 O-O 6.c4 d6 7.Nc3 Qe8 8.b3 Na6
9.Ba3 h6 10.Qd3 c5 11.Rad1 g5 12.dxc5 dxc5 13.e4 f4 14.e5 Nd7 15.Rfe1 Qh5
16.Nd5 Re8 17.g4 Qxg4 18.Qg6 Rf8 19.h3  1-0

[Event "FSIMB February"]
[Site "Budapest HUN"]
[Date "2001.02.11"]
[Round "8"]
[White "Jakab,A"]
[Black "Schulze,Hu"]
[Result "1/2-1/2"]
[WhiteElo "2308"]
[BlackElo "2181"]

1.d4 f5 2.g3 Nf6 3.Bg2 g6 4.Nf3 Bg7 5.O-O O-O 6.c4 d6 7.Nc3 Kh8 8.d5 Na6
9.Nd4 Nc5 10.b4 Nce4 11.Bb2 a5 12.a3 axb4 13.Nxe4 Nxe4 14.axb4 Rxa1 15.Qxa1 Bf6
16.f3 Ng5 17.h4 Nf7 18.g4 fxg4 19.fxg4 Ne5 20.g5 Bg7 21.Nf3 Nxf3+ 22.Rxf3 Bxb2
23.Qxb2+ Kg8 24.Qd4 Rxf3 25.Bxf3 Qd7 26.Qf4 Qf5 27.Qxf5 Bxf5 28.Kf2 Kf7 29.Ke3 Ke8
30.h5 gxh5 31.Bxh5+ Bg6 32.Bg4 b6 33.Kd4 Kf7 34.c5 bxc5+ 35.bxc5 Kg7 36.c6 Bb1
37.Bf3 Kg6 38.Kc4 Bf5 39.Kb5 Bc8 40.Be4+ Kxg5 41.Bxh7 Kf4 42.Bg8 Ke5 43.Bf7 Kd4
44.Ka5 Ke5 45.e3 Ke4 46.Be8 Kxd5 47.Bd7 Kc5 48.e4 e5 49.Bxc8 Kxc6 50.Be6 Kc5
51.Ka4 c6 52.Kb3 d5 53.exd5 cxd5 54.Kc3 e4 55.Kd2 d4 56.Bf7 Kd6 57.Bc4  1/2-1/2

[Event "TCh-SVK"]
[Site "SVK"]
[Date "2001.02.11"]
[Round "9"]
[White "Hlinka,M"]
[Black "Vrana,F"]
[Result "0-1"]
[WhiteElo "2248"]
[BlackElo "2285"]

1.d4 f5 2.g3 Nf6 3.Bg2 g6 4.Nf3 Bg7 5.O-O O-O 6.c4 d6 7.Nc3 c6 8.Rb1 a5 9.a3 Qe8
10.d5 Na6 11.Nd4 Bd7 12.b4 axb4 13.axb4 Rc8 14.dxc6 bxc6 15.Nc2 Qf7 16.Qd3 Be6
17.Ne3 c5 18.bxc5 Nxc5 19.Qd1 Nce4 20.Bb2 Nxc3 21.Bxc3 f4 22.gxf4 Nh5 23.Bxg7 Qxg7
24.f5 gxf5 25.f4 Kh8 26.Rc1 Rg8 27.Qd3 Nf6 28.Kh1 Qh6 29.Qd4 Rg7 30.c5 Nh5
31.Rf3 dxc5 32.Qe5 Qf6 33.Rxc5 Rxc5 34.Qxc5 Qg6 35.Qe5 h6 36.Rh3 Bd7 37.Qc7 e6
38.Qd6 Kh7 39.Rf3 Qf6  0-1

[Event "FSGM February"]
[Site "Budapest HUN"]
[Date "2001.02.15"]
[Round "12"]
[White "Szeberenyi,A"]
[Black "Hoang Thanh Trang"]
[Result "1/2-1/2"]
[WhiteElo "2411"]
[BlackElo "2465"]

1.d4 f5 2.g3 Nf6 3.Bg2 g6 4.Nf3 Bg7 5.O-O O-O 6.c4 d6 7.Nc3 Nc6 8.d5 Na5
9.Qd3 e5 10.dxe6 Bxe6 11.b3 Nc6 12.Bb2 Ne4 13.Rac1 Nxc3 14.Bxc3 Bxc3 15.Qxc3 Qf6
16.Rfd1 Rad8 17.Qxf6 Rxf6 18.Nd4 Nxd4 19.Rxd4 Rd7 20.b4 b6 21.Bc6 Re7 22.Rc3 Bc8
23.e3 Kg7 24.Rd2 g5 25.f4  1/2-1/2

[Event "It Blind"]
[Site "Linares ESP"]
[Date "2001.02.27"]
[Round "5"]
[White "Cabarkapa,Mil"]
[Black "Draghici,G"]
[Result "1-0"]
[WhiteElo "2188"]
[BlackElo "2128"]

1.Nf3 f5 2.d4 Nf6 3.g3 g6 4.Bg2 Bg7 5.O-O O-O 6.c4 d6 7.Nc3 c6 8.d5 e5 9.dxe6 Bxe6
10.Qd3 h6 11.Bf4 d5 12.cxd5 Nxd5 13.Rfd1 Nd7 14.Nxd5 Bxd5 15.Nh4 Bxg2 16.Kxg2 Nb6
17.Qb3+ Nd5 18.Nxg6 Re8 19.e3 Kh7 20.Nh4 Qf6 21.Rd2 Rad8 22.Rad1 Rd7 23.Kg1 Re4
24.a3 Bh8 25.f3 Re6 26.Nxf5 Rf7 27.e4 Nxf4 28.gxf4 Qg6+ 29.Kh1 b5 30.Rd6 Rff6
31.Rd7+ Rf7 32.Nh4 Qf6 33.e5 Qxh4 34.Rxf7+ Bg7 35.Qxe6 Qf2 36.Rxg7+ Kxg7
37.Rd7+  1-0

[Event "Tch-AUT 2000-01"]
[Site "Fuerstenfeld AUT"]
[Date "2001.03.18"]
[Round "11"]
[White "Schwarz,M"]
[Black "Neulinger,M"]
[Result "1/2-1/2"]
[WhiteElo "2367"]
[BlackElo "2330"]

1.g3 g6 2.Bg2 Bg7 3.d4 f5 4.Nf3 Nf6 5.O-O O-O 6.c4 d6 7.Nc3 Nc6 8.b3 Ne4
9.Bb2 Nxc3 10.Bxc3 e5 11.dxe5 Qe8 12.Qd5+ Kh8 13.Rad1 dxe5 14.e3 Qe7 15.Rd2  1/2-1/2

[Event "Open"]
[Site "Bad Woerishofen GER"]
[Date "2001.03.20"]
[Round "6"]
[White "Oud,N"]
[Black "Mainka,R"]
[Result "0-1"]
[WhiteElo "2170"]
[BlackElo "2476"]

1.d4 f5 2.g3 Nf6 3.Bg2 g6 4.Nf3 Bg7 5.O-O O-O 6.c4 d6 7.Nc3 Qe8 8.e3 e5 9.dxe5 dxe5
10.b3 e4 11.Nd4 Qe7 12.Bb2 c6 13.Qc1 Re8 14.Ba3 Qf7 15.Qc2 Nbd7 16.Rad1 Ne5
17.Bc1 Bd7 18.f4 Nd3 19.Bd2 Rad8 20.Nde2 Bc8 21.Nc1 Qe7 22.Nxd3 exd3 23.Qc1 a6
24.Rde1 Qd6 25.Kh1 b5 26.e4 fxe4 27.Nxe4 Nxe4 28.Rxe4 Rxe4 29.Bxe4 Be6 30.cxb5 Bd5
31.Re1 axb5 32.Bg2 c5 33.Ba5 Bxg2+ 34.Kxg2 d2  0-1

[Event "TCh-CHN Men"]
[Site "Suzhou, Jiangsu CHN"]
[Date "2001.04.04"]
[Round "9"]
[White "Wang Yaoyao"]
[Black "Zhao Xue"]
[Result "1/2-1/2"]
[WhiteElo "2481"]
[BlackElo "2440"]

1.d4 f5 2.Nf3 Nf6 3.g3 g6 4.Bg2 Bg7 5.O-O O-O 6.c4 d6 7.Nc3 c6 8.Qb3 Kh8
9.Rd1 Qc7 10.d5 Na6 11.Nd4 Bd7 12.a3 Rac8 13.Qa2 Nc5 14.Be3 a5 15.h3 a4 16.Rac1 Nh5
17.b4 axb3 18.Nxb3 Nxb3 19.Qxb3 c5 20.Bd2 Ra8 21.Rb1 Ra7 22.Nb5 Bxb5 23.Qxb5 Rfa8
24.Rb3 Kg8 25.g4 Nf6 26.gxf5 gxf5 27.Bc1 Qd7 28.h4 Qxb5 29.Rxb5 Nd7 30.Bh3 Ne5
31.Bxf5 Nxc4 32.Be6+ Kh8 33.Rd3 Nxa3 34.Bxa3 Rxa3 35.Rxa3 Rxa3 36.Rxb7 Bf6
37.Rb8+ Kg7 38.Rg8+ Kh6 39.Rg4 Rb3 40.Kg2 Rb4 41.Kg3 Kh5 42.Bf7+ Kh6 43.Be6 Kh5
44.Bf7+ Kh6  1/2-1/2

[Event "Czech Extra League 2000-1"]
[Site "CZE"]
[Date "2001.04.07"]
[Round "10"]
[White "Haba,P"]
[Black "Jakubiec,A"]
[Result "1/2-1/2"]
[WhiteElo "2461"]
[BlackElo "2501"]

1.d4 f5 2.g3 Nf6 3.Bg2 g6 4.Nf3 Bg7 5.O-O O-O 6.c4 d6 7.Nc3 e6 8.Qc2 Nc6
9.Rd1 Qe7 10.e4 fxe4 11.Nxe4 Nxe4 12.Qxe4 e5 13.dxe5 dxe5 14.g4 Kh8 15.h3 Be6
16.Be3 a5 17.Rd2 Qb4 18.Rc1 Rad8 19.Rcc2 Rxd2 20.Bxd2 Qd6 21.b3 Bg8 22.Be3 Qd1+
23.Kh2 Qb1 24.Ng5 Nd4 25.Rd2 Qxe4 26.Nxe4 a4 27.Nc5 axb3 28.axb3 b6 29.Bxd4 exd4
30.Nd3 b5 31.Bd5 bxc4 32.bxc4 Bxd5 33.cxd5 Rd8 34.Rc2 Rxd5 35.Rxc7 Be5+ 36.Nxe5 Rxe5
37.Rd7 h5 38.f4 Re3 39.Rxd4 hxg4 40.hxg4 Kg7 41.Kg2 Ra3 42.Kf2 Kf7 43.Re4 Rb3
44.Re3 Rb4 45.Kg3 Ra4 46.Rb3 Rc4 47.Rb7+ Kf8 48.Kh4 Rxf4 49.Kg5 Ra4 50.Rb6 Kf7
51.Rf6+ Kg7 52.Rxg6+ Kh7 53.Re6 Kg7 54.Re7+ Kg8 55.Kh5 Ra8  1/2-1/2

[Event "FSIMB April"]
[Site "Budapest HUN"]
[Date "2001.04.13"]
[Round "7"]
[White "Petran,Pa"]
[Black "Galyas,M"]
[Result "1/2-1/2"]
[WhiteElo "2392"]
[BlackElo "2371"]

1.d4 f5 2.c4 Nf6 3.g3 g6 4.Bg2 Bg7 5.Nf3 O-O 6.O-O d6 7.Nc3 Qe8 8.d5 Na6
9.Be3 c6 10.Rc1 Bd7 11.Qd2 Ng4 12.Bf4 Nc5  1/2-1/2

[Event "32nd Open"]
[Site "Mar del Plata ARG"]
[Date "2001.04.14"]
[Round "8"]
[White "Giardelli,S"]
[Black "Rodriguez,And URU"]
[Result "1/2-1/2"]
[WhiteElo "2438"]
[BlackElo "2500"]

1.Nf3 g6 2.g3 Bg7 3.d4 f5 4.Bg2 Nf6 5.c4 O-O 6.O-O d6 7.b3 Qe8 8.Bb2 e5 9.dxe5 Ng4
10.Qd5+ Kh8 11.Qd2 dxe5 12.h3 Nf6 13.Bxe5 Nc6 14.Bb2 Be6 15.Nc3 Rd8 16.Qc1 Bg8
17.a3 h6 18.Qc2 Bf7 19.Rad1 g5 20.Rxd8 Nxd8 21.Nd5 f4 22.Qd1 fxg3 23.Nxf6  1/2-1/2

[Event "Tch-NED"]
[Site "NED"]
[Date "2001.04.22"]
[Round "9"]
[White "Peelen,P"]
[Black "Timmerman,G"]
[Result "1/2-1/2"]
[WhiteElo "2353"]
[BlackElo "2321"]

1.d4 f5 2.g3 Nf6 3.Bg2 g6 4.Nf3 Bg7 5.O-O O-O 6.c4 d6 7.Nc3 c6 8.d5 e5 9.dxe6 Bxe6
10.b3 Na6 11.Bb2 Qe7 12.Nd4 Bf7 13.e3 Nc5 14.Qe2 a5 15.Rac1 Nfe4 16.Qc2 Nxc3
17.Qxc3 Ne6 18.Qc2 Ng5 19.Nf3 Bxb2 20.Qxb2 Nxf3+ 21.Bxf3 Qe5 22.Qd2 Rfd8
23.Rfd1 Rd7 24.Rc3 Qc5 25.Rd3 Rad8 26.Qc3 Be6 27.h4 Qe5 28.Qd2 a4 29.Qb4 axb3
30.axb3 Qc5 31.Qd2 Kf7 32.e4 Kg8 33.exf5 Bxf5 34.Re3 Rf7 35.Rde1 Rdf8 36.Bd1 d5
37.cxd5 Qxd5 38.Qxd5 cxd5 39.Re5 d4 40.Rd5 Rd7 41.Rxd7 Bxd7 42.Re4 d3 43.Rd4 Bb5
44.Rd5 Ba6 45.f4 Re8 46.Kf2 Re7 47.b4 Bc4 48.Rd4 b5 49.Bf3 Kg7 50.Be4 Rc7
51.Ke3 Re7 52.g4 Be6 53.Kf3 d2 54.Bc6 h5 55.gxh5 gxh5 56.Rxd2 Bg4+ 57.Kf2 Rc7
58.Rd6 Re7 59.Bf3 Rc7 60.Bc6 Re7 61.Bf3 Rc7 62.Bxg4 hxg4 63.Rb6 Rc3 64.Rxb5 Rf3+
65.Kg2 Rxf4 66.Kg3 Rc4 67.Rg5+ Kf6 68.Rxg4 Rc3+ 69.Kf4 Rc4+ 70.Kf3 Rc3+ 71.Ke2 Kf5
72.Kd2  1/2-1/2

[Event "TCh-FRA"]
[Site "Montpellier FRA"]
[Date "2001.04.29"]
[Round "9"]
[White "Leski,M"]
[Black "Philippe,C"]
[Result "1/2-1/2"]
[WhiteElo "2420"]
[BlackElo "2335"]

1.Nf3 f5 2.d4 Nf6 3.g3 g6 4.Bg2 Bg7 5.O-O O-O 6.c4 d6 7.Nc3 Qe8 8.b3 e5 9.dxe5 dxe5
10.e4 Nc6 11.Nd5 Qd7 12.Ba3 Rd8 13.Qc2 Nxe4 14.Rad1 Nd4 15.Nxd4 exd4 16.Bxe4 fxe4
17.Qxe4 c6 18.Ne7+ Kf7 19.Rfe1 Bf6 20.Rd3 Qg4 21.Rf3 Qxe4 22.Rxe4 Kg7 23.Nxc8 Raxc8
24.Be7 Bxe7 25.Rxe7+ Kg8 26.Kf1 b5 27.Ke2 bxc4 28.bxc4 Re8 29.Rf7 Rc7 30.Rg7+ Kf8
31.Rxe8+ Kxg7 32.c5 Rb7 33.Re6 Rb2+ 34.Kd3 Rxf2 35.Rxc6 Rxa2 36.Rc7+ Kf6
37.Kxd4 Rxh2 38.Rxa7 h5 39.Ra6+ Kf5 40.c6 Rd2+  1/2-1/2

[Event "54th ch-RUS"]
[Site "Elista RUS"]
[Date "2001.04.30"]
[Round "1"]
[White "Vaulin,A"]
[Black "Korobov,I"]
[Result "1-0"]
[WhiteElo "2540"]
[BlackElo "2347"]

1.d4 f5 2.g3 Nf6 3.Bg2 g6 4.Nf3 Bg7 5.O-O O-O 6.c4 d6 7.Nc3 Qe8 8.Re1 Qf7
9.Qd3 h6 10.b3 Nc6 11.Ba3 g5 12.Rad1 a5 13.Qb1 f4 14.e3 Ng4 15.exf4 gxf4
16.Nd5 fxg3 17.fxg3 Bf5 18.Qb2 e6 19.Nh4 Nxd4 20.Rxd4 c5 21.Nxf5 exf5 22.Rxg4 fxg4
23.Ne7+ Kh8 24.Bd5 Bxb2 25.Bxb2+ Qf6 26.Ng6+ Kh7 27.Bxf6 Rxf6 28.Nf4 a4 29.Bxb7 Ra7
30.Re7+ Kh8 31.Re8+ Kg7 32.Nh5+ Kf7 33.Nxf6 Rxb7 34.Ne4 Kxe8 35.Kf2  1-0

[Event "54th ch-RUS"]
[Site "Elista RUS"]
[Date "2001.04.30"]
[Round "1"]
[White "Vaulin,A"]
[Black "Korobov,I"]
[Result "1-0"]
[WhiteElo "2540"]
[BlackElo "2347"]

1.d4 f5 2.g3 Nf6 3.Bg2 g6 4.Nf3 Bg7 5.O-O O-O 6.c4 d6 7.Nc3 Qe8 8.Re1 Qf7
9.Qd3 h6 10.b3 Nc6 11.Ba3 g5 12.Rad1 a5 13.Qb1 f4 14.e3 Ng4 15.exf4 gxf4
16.Nd5 fxg3 17.fxg3 Bf5 18.Qb2 e6 19.Nh4 Nxd4 20.Rxd4 c5 21.Nxf5 exf5 22.Rxg4 fxg4
23.Ne7+ Kh8 24.Bd5 Bxb2 25.Bxb2+ Qf6 26.Ng6+ Kh7 27.Bxf6 Rxf6 28.Nf4 a4 29.Bxb7 Ra7
30.Re7+ Kh8 31.Re8+ Kg7 32.Nh5+ Kf7 33.Nxf6 Rxb7 34.Ne4 Kxe8 35.Nxd6+  1-0

[Event "TCh-RUS"]
[Site "Tomsk RUS"]
[Date "2001.05.16"]
[Round "4"]
[White "Naer,E"]
[Black "Chigvintsev,A"]
[Result "1-0"]
[WhiteElo "2455"]
[BlackElo "2383"]

1.d4 f5 2.Nf3 Nf6 3.c4 g6 4.g3 Bg7 5.Bg2 O-O 6.O-O d6 7.Nc3 Qe8 8.d5 Na6
9.Rb1 Bd7 10.b4 Ng4 11.Nd4 Ne5 12.Qb3 Kh8 13.Ne6 Bxe6 14.dxe6 Nc6 15.Be3 Nd8
16.b5 Nc5 17.Bxc5 dxc5 18.Qa3 a6 19.e3 g5 20.Rb3 Bxc3 21.Rxc3 Rf6 22.Qxc5 Nxe6
23.Qe5 axb5 24.Bxb7 Ra7 25.Bd5 b4 26.Rb3 Nc5 27.Qd4 Ra5 28.Rxb4 Na6 29.Rb2 Ra3
30.Qe5 Kg7 31.Bg2 Qd7 32.c5 Ra5 33.Rc1 Qe6 34.Qd4 f4 35.exf4 gxf4 36.a4 Qf5
37.Rb5 e5 38.Qd1 Rxb5 39.axb5 Nb4 40.g4 Qg6 41.Rc4 Nd3 42.Be4 Nxf2 43.Kxf2 Qg5
44.Qf3 Qh4+ 45.Kg2 Rh6 46.h3  1-0

[Event "XXVI Elekes Mem GM"]
[Site "Budapest HUN"]
[Date "2001.05.30"]
[Round "10"]
[White "Gustafsson,J"]
[Black "Hoang Thanh Trang"]
[Result "0-1"]
[WhiteElo "2535"]
[BlackElo "2465"]

1.d4 f5 2.g3 Nf6 3.Bg2 g6 4.Nf3 Bg7 5.O-O O-O 6.c4 d6 7.Nc3 Qe8 8.Nd5 Nxd5
9.cxd5 Nd7 10.Qc2 Nb6 11.Qxc7 Nxd5 12.Qc4 e6 13.Bf4 b5 14.Qb3 Qd7 15.a4 b4
16.Bd2 a5 17.Rfe1 Bb7 18.e4 fxe4 19.Rxe4 Nb6 20.Rh4 Bd5 21.Qd3 Qb7 22.Ne1 Bxg2
23.Nxg2 Qf3 24.Be3 Qf5 25.Qe2 Nd5 26.Bd2 Rac8 27.Ne1 Nf6 28.Rf4 Qd5 29.Ng2 e5
30.dxe5 dxe5 31.Rf3 e4 32.Rf4 Rc2 33.Rd1 Rxb2 34.Ne3 Qa2 35.Nc4 Rc2 36.Ne3 Rc5
37.Ng4 Qxa4 38.Nxf6+ Bxf6 39.Rxe4 Rd5 40.Re1 Qb5 41.Qe3 Qd3 42.Qxd3 Rxd3
43.Bh6 Bg7 44.Bxg7 Kxg7 45.Ra1 b3 46.Re7+ Rf7 47.g4 Rxe7  0-1

[Event "2nd IECC"]
[Site "Ohrid MKD"]
[Date "2001.06.14"]
[Round "13"]
[White "Stamenkov,V"]
[Black "Minasian,Ara"]
[Result "0-1"]
[WhiteElo "2380"]
[BlackElo "2478"]

1.d4 f5 2.Nf3 Nf6 3.g3 g6 4.Bg2 Bg7 5.c4 O-O 6.O-O d6 7.Nc3 Nc6 8.b3 Ne4
9.Bb2 Nxc3 10.Bxc3 e5 11.dxe5 dxe5 12.Qd5+ Kh8 13.Rad1 Qe7 14.e4 f4 15.gxf4 Rxf4
16.Bd2 Rf7 17.Be3 Bg4 18.Ng5 Rff8 19.f3 Bc8 20.h4 Nd4 21.h5 gxh5 22.Bxd4 exd4
23.f4 c6 24.Qa5 Bg4 25.Rd3 Be2 26.Qd2 Bxf1 27.Bxf1 h6 28.Rh3 hxg5 29.Rxh5+ Kg8
30.c5 Rxf4 31.Bc4+ Kf8 32.Qh2 Qxe4 33.Rh8+ Ke7 34.Rxa8 Qe1+ 35.Kg2 Rf2+ 36.Kh3 Rxh2+
37.Kxh2 Be5+ 38.Kg2  0-1

[Event "White Nights"]
[Site "St Petersburg RUS"]
[Date "2001.06.17"]
[Round "9"]
[White "Kirusha,A"]
[Black "Kharashkina,B"]
[Result "1-0"]
[WhiteElo "2343"]
[BlackElo "2173"]

1.d4 f5 2.Nf3 g6 3.g3 Bg7 4.Bg2 Nf6 5.O-O O-O 6.c4 d6 7.Nc3 c6 8.Rb1 Qe8
9.d5 h6 10.dxc6 bxc6 11.b4 Qf7 12.Qd3 Be6 13.c5 Ne4 14.Bb2 dxc5 15.b5 Nd7
16.bxc6 Nb6 17.Rfd1 Rac8 18.Ba1 Nc4 19.Rb7 Na5 20.Nxe4 fxe4 21.Qxe4 Bxa1
22.Rxa1 Bd5 23.Qe3 Qf6 24.Rbb1 Bxc6 25.Rc1 Nc4 26.Qxh6 Ne5 27.Rab1 Bd5 28.Rb5 Bxf3
29.Bxf3 Nxf3+ 30.exf3 Rcd8 31.Rbxc5 Rd6 32.R5c3 Ra6 33.Qd2 Qe6 34.a3 Rd6
35.Qe3 Qd7 36.Rc7  1-0

[Event "IV Copa Mercosur"]
[Site "Vicente Lopez ARG"]
[Date "2001.07.03"]
[Round "9"]
[White "Hoffman,A"]
[Black "Rodriguez,And URU"]
[Result "1-0"]
[WhiteElo "2453"]
[BlackElo "2500"]

1.d4 f5 2.g3 Nf6 3.Bg2 g6 4.Nf3 Bg7 5.O-O O-O 6.c4 d6 7.Nc3 c6 8.d5 Qe8 9.e4 Nxe4
10.Nxe4 fxe4 11.Ng5 e3 12.Bxe3 Bxb2 13.Rb1 Bg7 14.h4 h6 15.Nh3 Bf5 16.Nf4 Qc8
17.Qb3 Bxb1 18.Qxb1 Nd7 19.Nxg6 Rf7 20.Bh3 Qe8 21.Be6 b6 22.dxc6 Nf6 23.c7 Rc8
24.Nxe7+ Qxe7 25.Bxc8 Rf8 26.Qf5 Qxc7 27.Be6+ Kh8 28.Qg6 h5 29.Rd1 Qe7 30.Bf5 Rd8
31.Bg5 Qe8 32.Qxe8+ Rxe8 33.Rxd6 Ne4 34.Bxe4 Rxe4 35.Rd8+ Kh7 36.Rd7 Kg8
37.Rxa7 Rxc4 38.Be3 b5 39.Rb7 Rb4 40.Kg2 Rb1 41.Kf3 b4 42.Ke4 Bf8 43.Kf5 Rb2
44.Ra7  1-0

[Event "Open"]
[Site "Karvina CZE"]
[Date "2001.07.08"]
[Round "9"]
[White "Lahner,J"]
[Black "Rogovskoy,A"]
[Result "1/2-1/2"]
[WhiteElo "2079"]
[BlackElo "2295"]

1.d4 f5 2.g3 Nf6 3.Bg2 g6 4.Nf3 Bg7 5.O-O O-O 6.c4 d6 7.Nc3 Nc6 8.d5 Ne5
9.Nxe5 dxe5 10.e4 f4 11.h3 g5  1/2-1/2

[Event "Australian Masters"]
[Site "Melbourne AUS"]
[Date "2001.07.15"]
[Round "9"]
[White "Johansen,D"]
[Black "Levi,E"]
[Result "1-0"]
[WhiteElo "2524"]
[BlackElo "2247"]

1.Nf3 f5 2.g3 Nf6 3.Bg2 g6 4.d4 Bg7 5.O-O O-O 6.c4 c6 7.Nc3 d5 8.Ne5 e6 9.Bg5 Nbd7
10.Qd2 Qe8 11.Bh6 Qe7 12.Bxg7 Qxg7 13.f4 Qe7 14.b3 Rd8 15.e3 Nxe5 16.fxe5 Ne8
17.Rfc1 b6 18.cxd5 exd5 19.Na4 Bb7 20.b4 Rac8 21.Nb2 Ng7 22.Rc2 Ne6 23.Rac1 Rf8
24.Nd3 g5 25.a4 Kh8 26.a5 Qg7 27.a6 Ba8 28.Bxd5 Qd7 29.Bg2 Rfd8 30.Qc3 h6
31.d5 Nc7 32.e6+ Qg7 33.Ne5 Kg8 34.Nxc6 Qd4  1-0

[Event "Lasker Mem Open"]
[Site "Barlinek CZE"]
[Date "2001.07.18"]
[Round "3"]
[White "Bator,R"]
[Black "Dworakowska,J"]
[Result "1/2-1/2"]
[WhiteElo "2403"]
[BlackElo "2350"]

1.d4 f5 2.g3 Nf6 3.Bg2 g6 4.Nf3 Bg7 5.O-O O-O 6.c4 d6 7.Nc3 Nc6 8.d5 Na5
9.Nd2 c5 10.a3 Bd7 11.Rb1 Rb8 12.Qc2 Qc7 13.b3 a6 14.Bb2 b5 15.Na2 bxc4 16.bxc4 Rb7
17.Bc3 Rfb8 18.Rxb7 Rxb7 19.Nc1 Ng4 20.Bxg7 Kxg7 21.Nd3 Kg8 22.h3 Nf6 23.Nf4 Qb8
24.Nd3 Nb3 25.Nxb3 Rxb3 26.Nb4 Ba4 27.Nc6 Qc7 28.Rb1 Rxb1+ 29.Qxb1 e5 30.Qb2 Kf7
31.Nb8 a5 32.e3 h5 33.f4 e4 34.Bf1 Ke7 35.Be2 Ne8 36.Qb1 Kf8 37.Kg2 Nf6  1/2-1/2

[Event "Heart of Finland Open"]
[Site "Jyvaskyla FIN"]
[Date "2001.07.22"]
[Round "9"]
[White "Katajainen,K"]
[Black "Pirttimaki,T"]
[Result "1/2-1/2"]
[WhiteElo "2011"]
[BlackElo "2251"]

1.Nf3 f5 2.d4 Nf6 3.g3 g6 4.Bg2 Bg7 5.O-O O-O 6.c4 d6 7.Nc3 Qe8 8.Re1 Qf7
9.d5 Ne4 10.Ng5 Nxc3 11.bxc3 Qe8 12.Qc2 h6 13.Ne6 Bxe6 14.dxe6 Nc6 15.e4 Nb4
16.cxb4 Bxa1 17.Bxh6 Bg7 18.Bxg7 Kxg7 19.exf5 Rxf5 20.Bxb7 Rb8 21.Bg2 c5
22.b5 Qd8 23.Qc3+ Kg8 24.h4 Qc7 25.f4 Rbf8 26.Bd5  1/2-1/2

[Event "Czech Open"]
[Site "Pardubice CZE"]
[Date "2001.07.23"]
[Round "4"]
[White "Shestoperov,A"]
[Black "Vrana,F"]
[Result "1-0"]
[WhiteElo "2429"]
[BlackElo "2312"]

1.d4 f5 2.Nf3 Nf6 3.g3 g6 4.Bg2 Bg7 5.O-O O-O 6.c4 d6 7.Nc3 Qe8 8.Nd5 Na6
9.Nxf6+ Rxf6 10.d5 e5 11.dxe6 c6 12.Bg5 Rxe6 13.Nd4 Re5 14.Bf4 Rc5 15.Rc1 Qf7
16.b3 Be5 17.Qd2 Bxf4 18.gxf4 Be6 19.Nxe6 Qxe6 20.Rc3 Rd8 21.Rd1 Nc7 22.Qd4 Ra5
23.Rh3 Qf7 24.Qd2 Rc5 25.Rd3 d5 26.e3 a5 27.Rd4 Ne6 28.Rd3 Nc7 29.cxd5 Nxd5
30.Rd4 b5 31.Qxa5 Re8 32.b4  1-0

[Event "Open"]
[Site "Korinthos GRE"]
[Date "2001.08.03"]
[Round "7"]
[White "Bellia,F"]
[Black "Potapov,A1"]
[Result "1-0"]
[WhiteElo "2401"]
[BlackElo "2505"]

1.d4 f5 2.g3 Nf6 3.Nf3 g6 4.Bg2 Bg7 5.O-O O-O 6.c4 d6 7.Nc3 Qe8 8.d5 a5 9.Rb1 Na6
10.b3 Bd7 11.Bb2 Nc5 12.a3 c6 13.b4 axb4 14.axb4 Nce4 15.Nxe4 fxe4 16.Ng5 Bf5
17.Ne6 Bxe6 18.dxe6 g5 19.Bxf6 Rxf6 20.Bxe4 Rxe6 21.Qd3 Rh6 22.Bg2 g4 23.Qf5 Qh5
24.Qxh5 Rxh5 25.e3 Bf6 26.Rfc1 Ra2 27.Be4 Re5 28.Rc2 Ra3 29.Bg2 Kg7 30.h3 h5
31.hxg4 hxg4 32.Bf1 b6 33.Bg2 c5 34.bxc5 bxc5 35.Bc6 Rg5 36.Kg2 Ra7 37.Be4 Re5
38.Bd5 e6 39.Rb7+ Rxb7 40.Bxb7 Be7 41.Rc1 Rg5 42.f4 gxf3+ 43.Bxf3 Re5 44.Rc3 Kf6
45.Kf2 Rg5 46.Rc1 Ke5 47.Rh1 Rg8 48.Rh5+ Bg5 49.Ke2 Kf5 50.Rh7 Rb8 51.g4+ Ke5
52.Bb7 Rd8 53.Bc6 Rg8 54.Bf3 Rg6 55.Kd3 Rf6 56.Ke2 Rf8 57.Bc6 Rb8 58.Bb7 Kf6
59.Rd7 Bh4 60.Rh7 Bg3 61.Kf3 Be5 62.Ke2 Kg5 63.Rf7 Rh8 64.Be4 Rh2+ 65.Kd3 Ra2
66.Rf8 Bg7 67.Rg8 Kf6 68.g5+ Ke5 69.Bb7 d5 70.cxd5 exd5 71.Rxg7 c4+ 72.Kc3 Ra3+
73.Kc2 Kd6 74.Rg6+ Ke5 75.Bc8 d4 76.exd4+ Kxd4 77.Rd6+ Kc5 78.Ra6 Rg3 79.g6 Kd4
80.Bb7 Ke5 81.Bc8 Kd4 82.Rd6+ Kc5 83.Rf6 Rg2+ 84.Kd1 Rg1+ 85.Ke2 Kd4 86.Rf4+ Ke5
87.Rg4  1-0

[Event "Strange Badger"]
[Site "Bucharest ROM"]
[Date "2001.08.05"]
[Round "1"]
[White "Jianu,V"]
[Black "Sebe,F"]
[Result "1/2-1/2"]
[WhiteElo "2402"]
[BlackElo "2286"]

1.d4 f5 2.g3 Nf6 3.Nf3 g6 4.Bg2 Bg7 5.O-O O-O 6.c4 d6 7.Nc3 Qe8 8.d5 e5 9.dxe6 Bxe6
10.Nd4 Bc8 11.b3 c6 12.Bb2 Kh8 13.Qd2 a5 14.Rad1 Na6  1/2-1/2